000 00337nam a2200145Ia 4500
003 OSt
005 20240213103045.0
008 170524s9999 xx 000 0 und d
020 _a9382174419
040 _cIIMT
100 _aCHAUHAN- B. S.
245 0 _aAPPLIED CHEMISTRY (HINDI)
260 _bNEW DELHI: VAYU EDUCAION
942 _2ddc
_c02
999 _c7571
_d7571